| 000 | 00881cam a2200265 4500 | ||
|---|---|---|---|
| 008 | 090401t1992 xxu||||| |||| 00| 0 eng d | ||
| 020 | _a085201368X | ||
| 035 | _a(Sirsi) u58335 | ||
| 041 | _aeng | ||
| 050 | _a711 | ||
| 110 |
_aConfederation of British Industry _9414 |
||
| 245 | _aShaping the nation: report of the Planning Task Force. | ||
| 260 |
_aLondon _bCBI _c1992 |
||
| 300 | _a55p. : ill. ; 30cm. | ||
| 350 | _a20 | ||
| 520 | _aTask force set up by the CBI in collaboration with the RICS to analyse the challenges facing the planning system and to make proposals for improving its effectiveness. | ||
| 650 | _aBUSINESS | ||
| 650 | _aPLANNING CONTROL | ||
| 650 | _aPLANNING SYSTEM | ||
| 650 | _aPLANNING TASK FORCE | ||
| 690 | _aPLANNING LAW AND PRACTICE | ||
| 710 |
_aRoyal Institution of Chartered Surveyors _94900 |
||
| 942 | _n0 | ||
| 948 | _c04/03/1997 | ||
| 999 |
_c94056 _d94056 |
||